[Event "FIN-chT 2223"]
[Site "Finland"]
[Date "2023.04.02"]
[Round "11.3"]
[White "Ahvenjarvi, Jani"]
[Black "Kahri, Antti"]
[Result "1-0"]
[WhiteElo "2326"]
[BlackElo "2126"]
[PlyCount "77"]
[EventDate "2022.09.24"]
[EventType "team-tourn"]
[EventRounds "11"]
[EventCountry "FIN"]
[SourceTitle "EXT 2024"]
[Source "ChessBase"]
[SourceDate "2023.10.10"]
[SourceVersion "1"]
[SourceVersionDate "2023.10.10"]
[SourceQuality "1"]
[WhiteTeam "Tampere Tammer"]
[BlackTeam "Gambiitti"]
[WhiteTeamCountry "FIN"]
[BlackTeamCountry "FIN"]

1. e4 e6 2. d4 d5 3. Nd2 Nf6 4. e5 Nfd7 5. Bd3 c5 6. c3 Nc6 7. Ne2 Qb6 8. Nf3 cxd4 9. cxd4 Bb4+ 10. Bd2 Bxd2+ 11. Qxd2 Qb4 12. a3 Qxd2+ 13. Nxd2 Nb6 14. f4 Bd7 15. Rc1 Rc8 16. Kf2 Ke7 17. Ke3 Na5 18. b3 h6 19. Rc5 Nc6 20. Nf3 a6 21. Rhc1 Na7 22. Rc7 Nc4+ 23. R7xc4 dxc4 24. bxc4 b5 25. d5 bxc4 26. d6+ Kd8 27. Rxc4 Rxc4 28. Bxc4 Bb5 29. Bb3 Kd7 30. f5 Bxe2 31. fxe6+ fxe6 32. Kxe2 Nb5 33. a4 Nc3+ 34. Kd3 Nd5 35. a5 Ke8 36. Bxd5 exd5 37. e6 Rf8 38. Ne5 Rf5 39. Nc6 1-0

[Event "FIN-chT 2223"]
[Site "Finland"]
[Date "2022.09.25"]
[Round "2.2"]
[White "Ahvenjarvi, Jani"]
[Black "Cattaneo, Marco"]
[Result "1/2-1/2"]
[WhiteElo "2326"]
[BlackElo "2195"]
[PlyCount "138"]
[EventDate "2022.09.24"]
[EventType "team-tourn"]
[EventRounds "11"]
[EventCountry "FIN"]
[SourceTitle "CBM 210 Extra"]
[Source "ChessBase"]
[SourceDate "2022.11.30"]
[SourceVersion "1"]
[SourceVersionDate "2022.11.30"]
[SourceQuality "1"]
[WhiteTeam "Tampere Tammer"]
[BlackTeam "Helsinki HSK"]
[WhiteTeamCountry "FIN"]
[BlackTeamCountry "FIN"]

1. e4 Nf6 2. e5 Nd5 3. d4 d6 4. c4 Nb6 5. exd6 exd6 6. Nc3 Nc6 7. Be3 Be7 8. Bd3 Nb4 9. Nge2 0-0 10. 0-0 Nxd3 11. Qxd3 d5 12. c5 Nc4 13. Bc1 c6 14. b3 Na5 15. Nf4 b6 16. Be3 g6 17. Rac1 Bf6 18. Nce2 Re8 19. h3 Bd7 20. Qd2 Nb7 21. Nd3 bxc5 22. dxc5 Qe7 23. Rfe1 Nd8 24. Bf4 Ne6 25. Bd6 Qd8 26. Ndf4 Bg5 27. Qc3 Nxf4 28. Nxf4 Qf6 29. Qd2 Bf5 30. Kh2 Bd7 31. g3 h5 32. h4 Bxf4 33. Bxf4 Qf5 34. Qd4 Kh7 35. Bd2 Re4 36. Rxe4 Qxe4 37. Qxe4 dxe4 38. Rc4 Bf5 39. Rd4 Rc8 40. Bg5 Kg7 41. Rd6 Be6 42. Kg1 Rc7 43. Kf1 Rd7 44. Rxc6 Bg4 45. Bf6+ Kh7 46. Rd6 Rxd6 47. cxd6 Kg8 48. Be7 f6 49. Ke1 Kf7 50. Kd2 Ke6 51. Kc3 g5 52. hxg5 fxg5 53. Kd4 h4 54. gxh4 gxh4 55. Bxh4 Kxd6 56. Kxe4 Kc5 57. Be7+ Kb5 58. b4 Be6 59. a3 Ka4 60. Bd8 Kxa3 61. Ba5 Ka4 62. Ke5 Bh3 63. f4 Kb5 64. f5 Kc6 65. Ke6 a6 66. Bd8 Kb5 67. Ba5 Kc6 68. Bd8 Kb5 69. Kd6 Bxf5 1/2-1/2

[Event "FIN-chT 2022"]
[Site "Finland"]
[Date "2021.12.11"]
[Round "6.2"]
[White "Ronka, Erik"]
[Black "Ahvenjarvi, Jani"]
[Result "1-0"]
[WhiteElo "2283"]
[BlackElo "2326"]
[PlyCount "99"]
[EventDate "2020.09.12"]
[EventType "team-tourn"]
[EventRounds "11"]
[EventCountry "FIN"]
[SourceTitle "EXT 2023"]
[Source "ChessBase"]
[SourceDate "2022.10.05"]
[SourceVersion "1"]
[SourceVersionDate "2022.10.05"]
[SourceQuality "1"]
[WhiteTeam "Vantaa EtVaS"]
[BlackTeam "Tampere Tammer"]
[WhiteTeamCountry "FIN"]
[BlackTeamCountry "FIN"]

1. e4 e5 2. Nf3 Nc6 3. Bb5 a6 4. Ba4 Nf6 5. 0-0 Be7 6. Re1 b5 7. Bb3 d6 8. a4 Bd7 9. c3 0-0 10. d3 Na5 11. Bc2 c5 12. Nbd2 Re8 13. Nf1 g6 14. Ne3 Bf8 15. h3 Nc6 16. Nh2 Bg7 17. axb5 axb5 18. Rxa8 Qxa8 19. Neg4 Nxg4 20. Nxg4 Be6 21. Bg5 Qa2 22. Nf6+ Bxf6 23. Bxf6 Nb8 24. Qd2 Nd7 25. Bg5 f6 26. Be3 Ra8 27. Kh2 Rb8 28. Bb1 Qb3 29. d4 Rb6 30. dxc5 dxc5 31. Bxc5 Rc6 32. Bb4 g5 33. Bd3 Qa4 34. Qe2 Rb6 35. Rd1 Kg7 36. Qf1 Qa6 37. Ra1 Qb7 38. Qe2 Nb8 39. Ba5 Rc6 40. Bxb5 Rc5 41. c4 Nc6 42. Bc3 Na7 43. Ba6 Qc7 44. b4 Rc6 45. c5 Qb8 46. Bc4 Bd7 47. Qd3 Rc7 48. Ra6 Bc6 49. Rb6 Rb7 50. b5 1-0

[Event "EU-ch blitz"]
[Site "Tallinn"]
[Date "2019.12.07"]
[Round "10"]
[White "Ahvenjarvi, Jani"]
[Black "Babula, Vlastimil"]
[Result "0-1"]
[WhiteElo "2325"]
[BlackElo "2605"]
[PlyCount "90"]
[EventDate "2019.12.07"]
[EventType "swiss (blitz)"]
[EventRounds "22"]
[EventCountry "EST"]
[SourceTitle "CBM 193 Extra"]
[Source "ChessBase"]
[SourceDate "2020.01.31"]
[SourceVersion "1"]
[SourceVersionDate "2020.01.31"]
[SourceQuality "1"]

1. e4 c5 2. Nf3 e6 3. Nc3 Nc6 4. d4 cxd4 5. Nxd4 Qc7 6. Be3 a6 7. Bd3 Nf6 8. 0-0 Ne5 9. Nf3 Nxf3+ 10. Qxf3 Bd6 11. h3 Bh2+ 12. Kh1 Be5 13. Bd2 Rg8 14. Qe3 g5 15. Na4 Bf4 16. Qe2 b5 17. Bxf4 gxf4 18. Nc3 Bb7 19. a3 Qe5 20. Qf3 Ke7 21. Rae1 Rg5 22. Rg1 Rag8 23. a4 b4 24. Nd5+ Bxd5 25. exd5 Qxd5 26. Qxd5 Rxd5 27. Bxa6 Rc5 28. Bd3 d5 29. f3 Kd6 30. Rc1 h6 31. Rge1 Nd7 32. Kg1 Ne5 33. Be2 Rgc8 34. c3 bxc3 35. bxc3 Rxc3 36. Rxc3 Rxc3 37. Ra1 d4 38. a5 d3 39. Bd1 d2 40. Ra2 Nc4 41. a6 Rc1 42. a7 Rxd1+ 43. Kf2 Nb6 44. Ke2 Rg1 45. a8Q d1Q+ 0-1

[Event "EU-ch blitz"]
[Site "Tallinn"]
[Date "2019.12.07"]
[Round "15"]
[White "Ahvenjarvi, Jani"]
[Black "Hjartarson, Johann"]
[Result "0-1"]
[WhiteElo "2325"]
[BlackElo "2559"]
[PlyCount "76"]
[EventDate "2019.12.07"]
[EventType "swiss (blitz)"]
[EventRounds "22"]
[EventCountry "EST"]
[SourceTitle "CBM 193 Extra"]
[Source "ChessBase"]
[SourceDate "2020.01.31"]
[SourceVersion "1"]
[SourceVersionDate "2020.01.31"]
[SourceQuality "1"]

1. e4 g6 2. d4 Bg7 3. Nc3 d6 4. f4 Nf6 5. Nf3 0-0 6. Bd3 Nc6 7. 0-0 e5 8. d5 Ne7 9. h3 c6 10. dxc6 Nxc6 11. Nd5 Nxd5 12. exd5 Ne7 13. fxe5 dxe5 14. c4 f5 15. Be2 e4 16. Ng5 h6 17. Ne6 Bxe6 18. dxe6 Qb6+ 19. Kh1 Qxe6 20. Qb3 b6 21. Be3 g5 22. c5 Qxb3 23. axb3 f4 24. Bc4+ Kh8 25. Bd2 Bxb2 26. Ra2 Bf6 27. c6 Nxc6 28. Bd5 Rac8 29. Bxe4 Rfd8 30. Rc1 Nd4 31. Rxc8 Rxc8 32. Rxa7 Nxb3 33. Bb4 Bd4 34. Rh7+ Kg8 35. h4 g4 36. Rxh6 Rc1+ 37. Kh2 Bg1+ 38. Kh1 Bf2+ 0-1

[Event "EU-ch blitz"]
[Site "Tallinn"]
[Date "2019.12.07"]
[Round "16"]
[White "Hjartarson, Johann"]
[Black "Ahvenjarvi, Jani"]
[Result "1-0"]
[WhiteElo "2559"]
[BlackElo "2325"]
[PlyCount "78"]
[EventDate "2019.12.07"]
[EventType "swiss (blitz)"]
[EventRounds "22"]
[EventCountry "EST"]
[SourceTitle "CBM 193 Extra"]
[Source "ChessBase"]
[SourceDate "2020.01.31"]
[SourceVersion "1"]
[SourceVersionDate "2020.01.31"]
[SourceQuality "1"]

1. e4 e5 2. Nf3 Nc6 3. Bb5 a6 4. Ba4 Nf6 5. 0-0 Be7 6. Re1 b5 7. Bb3 d6 8. c3 0-0 9. d4 Bg4 10. d5 Na5 11. Bc2 c6 12. h3 Bc8 13. dxc6 Qc7 14. Nbd2 Qxc6 15. Nf1 h6 16. Ng3 Re8 17. a4 Bb7 18. Nh4 Bf8 19. Nhf5 d5 20. Qf3 d4 21. b4 Nc4 22. cxd4 exd4 23. Nxd4 Qb6 24. Ndf5 Bxb4 25. Rd1 Rad8 26. Rxd8 Rxd8 27. Bf4 Bd2 28. axb5 axb5 29. Bb3 Kh7 30. Nxg7 Kxg7 31. Nf5+ Kf8 32. Bxh6+ Bxh6 33. Nxh6 Bxe4 34. Qf4 Qd6 35. Qh4 Qe5 36. Ra7 Bd5 37. Bc2 Rd7 38. Rxd7 Nxd7 39. Nf5 Qe8 1-0

[Event "FIN-ch rapid"]
[Site "Helsinki"]
[Date "2019.08.24"]
[Round "6"]
[White "Ahvenjarvi, Jani"]
[Black "Karvinen, Kimmo"]
[Result "1-0"]
[WhiteElo "2328"]
[BlackElo "2109"]
[PlyCount "59"]
[EventDate "2019.08.24"]
[EventType "swiss (rapid)"]
[EventRounds "9"]
[EventCountry "FIN"]
[SourceTitle "EXT 2020"]
[Source "ChessBase"]
[SourceDate "2019.10.17"]
[SourceVersion "1"]
[SourceVersionDate "2019.10.17"]
[SourceQuality "1"]

1. e4 e6 2. d4 d5 3. Nd2 Nf6 4. e5 Nfd7 5. Bd3 c5 6. c3 Nc6 7. Ne2 cxd4 8. cxd4 f6 9. exf6 Nxf6 10. Nf3 Bd6 11. 0-0 Qc7 12. Bg5 0-0 13. Rc1 h6 14. Bh4 Nh5 15. Bb1 g5 16. Bg3 Nf4 17. Nxf4 Bxf4 18. Re1 Qg7 19. Rc3 Bd7 20. Ne5 Nxe5 21. Bxf4 Rxf4 22. Rxe5 Raf8 23. Rc2 Qf6 24. Qd2 Rf7 25. Qe3 Bb5 26. Rxe6 Qxd4 27. Rc8+ Rf8 28. Rg6+ Kh7 29. Rf6+ Kg7 30. Qe7+ 1-0

[Event "FIN-ch rapid"]
[Site "Helsinki"]
[Date "2019.08.24"]
[Round "8"]
[White "Ahvenjarvi, Jani"]
[Black "Paasikangas Tella, Johanna"]
[Result "1-0"]
[WhiteElo "2328"]
[BlackElo "2211"]
[PlyCount "60"]
[EventDate "2019.08.24"]
[EventType "swiss (rapid)"]
[EventRounds "9"]
[EventCountry "FIN"]
[SourceTitle "EXT 2020"]
[Source "ChessBase"]
[SourceDate "2019.10.17"]
[SourceVersion "1"]
[SourceVersionDate "2019.10.17"]
[SourceQuality "1"]

1. e4 c5 2. Nf3 d6 3. d4 cxd4 4. Nxd4 Nf6 5. f3 a6 6. c4 Nc6 7. Nc3 g6 8. Be3 Bg7 9. Qd2 h5 10. Rc1 Bd7 11. Be2 Rc8 12. 0-0 Ne5 13. b3 h4 14. Rfd1 Qa5 15. Kh1 h3 16. g3 Nc6 17. Rc2 0-0 18. g4 Nh7 19. Nxc6 bxc6 20. c5 dxc5 21. Na4 Qxd2 22. Rcxd2 Be8 23. Bxa6 Ra8 24. Bc4 Bf6 25. Kg1 Ng5 26. Kf2 Kg7 27. e5 Bxe5 28. Bxg5 Bxh2 29. Rh1 Be5 30. Rxh3 Rh8 1-0

[Event "FIN-chT 1819"]
[Site "Finland"]
[Date "2018.09.16"]
[Round "2.5"]
[White "Ahvenjarvi, Jani"]
[Black "Nippula, Timo"]
[Result "1/2-1/2"]
[WhiteElo "2329"]
[BlackElo "2179"]
[PlyCount "79"]
[EventDate "2018.09.15"]
[EventType "team-tourn"]
[EventRounds "11"]
[EventCountry "FIN"]
[SourceTitle "CBM 186 Extra"]
[Source "ChessBase"]
[SourceDate "2018.08.24"]
[SourceVersion "1"]
[SourceVersionDate "2018.08.24"]
[SourceQuality "1"]
[WhiteTeam "Tampere Tammer"]
[BlackTeam "Kotka KymS"]
[WhiteTeamCountry "FIN"]
[BlackTeamCountry "FIN"]

1. e4 e5 2. Bc4 Nf6 3. d3 Nc6 4. Nf3 Bc5 5. Bb3 d6 6. c3 a6 7. Nbd2 0-0 8. h3 Ba7 9. Nf1 Ne7 10. Ng3 Ng6 11. 0-0 Be6 12. Bxe6 fxe6 13. Qb3 Qd7 14. d4 exd4 15. cxd4 c6 16. Be3 Kh8 17. Rad1 Rfe8 18. Nd2 Rf8 19. f4 Rae8 20. Nf3 Qc7 21. Rfe1 Qd7 22. Kh2 Ng8 23. Ne2 Nf6 24. Ne5 Qc7 25. Nxg6+ hxg6 26. Ng3 Qf7 27. Qd3 Nh5 28. Rf1 Bb8 29. Nxh5 gxh5 30. Kg1 Qg6 31. b4 Bc7 32. a4 Bd8 33. Rf3 d5 34. e5 Qxd3 35. Rxd3 Be7 36. Bd2 g6 37. g4 hxg4 38. hxg4 Kg7 39. Rh3 Rh8 40. Kg2 1/2-1/2

[Event "Keres Memorial rap 27th"]
[Site "Tallinn"]
[Date "2018.01.13"]
[Round "3"]
[White "Ahvenjarvi, Jani"]
[Black "Kovalenko, Igor"]
[Result "0-1"]
[WhiteElo "2332"]
[BlackElo "2635"]
[PlyCount "122"]
[EventDate "2018.01.13"]
[EventType "swiss (rapid)"]
[EventRounds "11"]
[EventCountry "EST"]
[SourceTitle "CBM 182 Extra"]
[Source "ChessBase"]
[SourceDate "2018.02.23"]
[SourceVersion "1"]
[SourceVersionDate "2018.02.23"]
[SourceQuality "1"]

1. e4 c5 2. Nf3 d6 3. d4 cxd4 4. Nxd4 Nf6 5. f3 e5 6. Nb3 Be6 7. c4 Nbd7 8. Be2 Rc8 9. Na3 Nb6 10. Na5 Qc7 11. Be3 a6 12. 0-0 Be7 13. Rc1 0-0 14. Qd2 Nbd7 15. b4 b6 16. Nb3 Qb7 17. Rfd1 Rc7 18. Bf1 Rb8 19. Kh1 h5 20. Bg5 Nf8 21. Qe1 N8h7 22. Be3 h4 23. Nd2 Nh5 24. Ndb1 Rd7 25. Nc3 h3 26. g4 Nf4 27. Bxf4 exf4 28. Bxh3 Bf6 29. Qd2 Be5 30. Nd5 g5 31. Bf1 Kg7 32. Nc2 Rh8 33. Qf2 Rdd8 34. Nd4 Rb8 35. b5 a5 36. Nc6 Nf6 37. Nxe5 dxe5 38. Nxf6 Kxf6 39. c5 bxc5 40. Rxc5 Rbc8 41. Rdc1 Rxc5 42. Rxc5 Qb6 43. Qc2 Rd8 44. Qc3 Rd4 45. Rc6 Qd8 46. b6 Rb4 47. Rc5 Qd6 48. Rxa5 Rxb6 49. Rb5 Rc6 50. Qb2 Qd4 51. Qxd4 exd4 52. e5+ Ke7 53. Rb4 Rc1 54. Kg2 Rc2+ 55. Kg1 Rd2 56. a4 Bd5 57. Bg2 Ke6 58. a5 d3 59. a6 Ra2 60. Rd4 d2 61. Kf1 Kxe5 0-1

[Event "Keres Memorial rap 27th"]
[Site "Tallinn"]
[Date "2018.01.13"]
[Round "4"]
[White "Neff, Sergei"]
[Black "Ahvenjarvi, Jani"]
[Result "0-1"]
[WhiteElo "2246"]
[BlackElo "2332"]
[PlyCount "72"]
[EventDate "2018.01.13"]
[EventType "swiss (rapid)"]
[EventRounds "11"]
[EventCountry "EST"]
[SourceTitle "CBM 182 Extra"]
[Source "ChessBase"]
[SourceDate "2018.02.23"]
[SourceVersion "1"]
[SourceVersionDate "2018.02.23"]
[SourceQuality "1"]

1. Nf3 d5 2. g3 c6 3. Bg2 Bg4 4. 0-0 Nd7 5. d3 e5 6. h3 Bh5 7. e4 dxe4 8. dxe4 Ngf6 9. Nbd2 Be7 10. Qe2 0-0 11. a4 a5 12. Rd1 Qc7 13. Nf1 Nc5 14. g4 Bg6 15. N3d2 Nfd7 16. Ng3 Bg5 17. Nf5 Ne6 18. Nc4 Bxc1 19. Raxc1 Ndc5 20. b3 Nf4 21. Qe3 Nce6 22. Bf1 Rfd8 23. c3 h5 24. Qb6 Rxd1 25. Rxd1 Qxb6 26. Nxb6 Re8 27. b4 axb4 28. cxb4 Bxf5 29. exf5 Nd4 30. a5 f6 31. Nc4 g6 32. fxg6 hxg4 33. hxg4 Nf3+ 34. Kh1 Kg7 35. Rd7+ Kxg6 36. Bh3 Rh8 0-1

[Event "FIN-chT 1617"]
[Site "Finland"]
[Date "2017.03.12"]
[Round "11.4"]
[White "Niemi, Kalle"]
[Black "Ahvenjarvi, Jani"]
[Result "0-1"]
[WhiteElo "2338"]
[BlackElo "2342"]
[PlyCount "104"]
[EventDate "2016.09.17"]
[EventType "team-tourn"]
[EventRounds "11"]
[EventCountry "FIN"]
[SourceTitle "EXT 2018"]
[Source "ChessBase"]
[SourceDate "2017.10.13"]
[SourceVersion "1"]
[SourceVersionDate "2017.10.13"]
[SourceQuality "1"]
[WhiteTeam "Salo SalSK"]
[BlackTeam "Tampere Tammer"]
[WhiteTeamCountry "FIN"]
[BlackTeamCountry "FIN"]

1. d4 e6 2. e4 d5 3. Nc3 Nf6 4. e5 Nfd7 5. f4 c5 6. Nf3 Nc6 7. Be3 Be7 8. Qd2 0-0 9. Be2 b6 10. 0-0 Bb7 11. Rae1 f6 12. exf6 Nxf6 13. Kh1 Ne4 14. Qd1 Nxc3 15. bxc3 Qd7 16. c4 cxd4 17. Nxd4 Bb4 18. Nxc6 Qxc6 19. Bd2 Bxd2 20. Qxd2 dxc4 21. Bf3 Qc7 22. Bxb7 Qxb7 23. Rxe6 Rad8 24. Qe3 Qd5 25. Re7 Rf7 26. h3 h6 27. Rxf7 Qxf7 28. f5 Qf6 29. Rf4 c3 30. Rf1 Rd2 31. Qe4 Kh7 32. a4 Rd4 33. Qe8 Rd2 34. Qe4 Rd4 35. Qe8 Rd8 36. Qe4 Rd2 37. Rf4 Rd1+ 38. Kh2 Rd2 39. h4 Rd8 40. Kh3 Kh8 41. g4 Rd6 42. Rf3 Rd4 43. Qe3 Qc6 44. Qxc3 Qe4 45. Kg2 Qxg4+ 46. Rg3 Qe2+ 47. Kh3 Qf1+ 48. Rg2 Qxf5+ 49. Kh2 Rxh4+ 50. Kg1 Qc5+ 51. Qxc5 bxc5 52. Rg6 Rxa4 0-1

[Event "FIN-chT 1617"]
[Site "Finland"]
[Date "2017.03.10"]
[Round "9.4"]
[White "Maki Uuro, Miika"]
[Black "Ahvenjarvi, Jani"]
[Result "1/2-1/2"]
[WhiteElo "2344"]
[BlackElo "2342"]
[PlyCount "47"]
[EventDate "2016.09.17"]
[EventType "team-tourn"]
[EventRounds "11"]
[EventCountry "FIN"]
[SourceTitle "EXT 2018"]
[Source "ChessBase"]
[SourceDate "2017.10.13"]
[SourceVersion "1"]
[SourceVersionDate "2017.10.13"]
[SourceQuality "1"]
[WhiteTeam "Espoo MatSK"]
[BlackTeam "Tampere Tammer"]
[WhiteTeamCountry "FIN"]
[BlackTeamCountry "FIN"]

1. Nf3 d5 2. d4 Nf6 3. c4 e6 4. g3 dxc4 5. Bg2 Bb4+ 6. Bd2 a5 7. Qc2 Bxd2+ 8. Qxd2 c6 9. a4 b5 10. axb5 cxb5 11. Qg5 0-0 12. Qxb5 Ba6 13. Qa4 Nd5 14. 0-0 Qb6 15. Nc3 Nc6 16. Nxd5 exd5 17. Rfd1 Rfd8 18. e3 h6 19. Rd2 Bc8 20. b3 cxb3 21. Rb2 Bf5 22. Rxb3 Nb4 23. Rb2 Rdc8 24. Ne5 1/2-1/2

[Event "EU-ch blitz"]
[Site "Tallinn"]
[Date "2016.12.17"]
[Round "8"]
[White "Kobalia, Mihail"]
[Black "Ahvenjarvi, Jani"]
[Result "1-0"]
[WhiteElo "2628"]
[BlackElo "2317"]
[PlyCount "70"]
[EventDate "2016.12.17"]
[EventType "swiss (blitz)"]
[EventRounds "26"]
[EventCountry "EST"]
[SourceTitle "CBM 176 Extra"]
[Source "ChessBase"]
[SourceDate "2017.03.02"]
[SourceVersion "1"]
[SourceVersionDate "2017.03.02"]
[SourceQuality "1"]

1. e4 e5 2. Nf3 Nc6 3. Bb5 a6 4. Ba4 Nf6 5. 0-0 Be7 6. d3 d6 7. c3 0-0 8. Re1 b5 9. Bc2 Re8 10. Nbd2 Bf8 11. Nf1 Nb8 12. a4 Bb7 13. Ng3 g6 14. b4 Nbd7 15. Bb3 h6 16. Qc2 c5 17. Qa2 Qe7 18. Nh4 d5 19. exd5 Qd6 20. Ne4 Nxe4 21. dxe4 cxb4 22. cxb4 Qf6 23. Nf3 Bxb4 24. Rd1 Nc5 25. Bc2 Nxa4 26. Bxa4 bxa4 27. Bxh6 a5 28. Qxa4 Rec8 29. Rdc1 Qd6 30. Be3 Ba6 31. Rc6 Rxc6 32. dxc6 Rc8 33. Rc1 Qb8 34. Qa2 Bb5 35. Qd5 Bd6 1-0

[Event "EU-ch rapid"]
[Site "Tallinn"]
[Date "2016.12.16"]
[Round "8"]
[White "Novikov, Stanislav"]
[Black "Ahvenjarvi, Jani"]
[Result "1-0"]
[WhiteElo "2513"]
[BlackElo "2317"]
[PlyCount "63"]
[EventDate "2016.12.15"]
[EventType "swiss (rapid)"]
[EventRounds "11"]
[EventCountry "EST"]
[SourceTitle "CBM 176 Extra"]
[Source "ChessBase"]
[SourceDate "2017.03.02"]
[SourceVersion "1"]
[SourceVersionDate "2017.03.02"]
[SourceQuality "1"]

1. c4 c5 2. Nc3 Nc6 3. g3 g6 4. Bg2 Bg7 5. Nf3 a6 6. 0-0 Rb8 7. e3 b5 8. cxb5 axb5 9. d4 cxd4 10. exd4 b4 11. Ne4 d5 12. Nc5 e6 13. Bg5 Nge7 14. Rc1 Qb6 15. Qd2 0-0 16. Bh6 Qa7 17. Rfe1 Bd7 18. h4 Rfc8 19. Bxg7 Kxg7 20. h5 Nf5 21. g4 Nh6 22. Qf4 Be8 23. Rxe6 Nxg4 24. Rd6 Nh6 25. hxg6 hxg6 26. Bh3 Rd8 27. Qf6+ Kg8 28. Rxd8 Nxd8 29. Re1 Nc6 30. Ng5 Ra8 31. Nce6 fxe6 32. Bxe6+ 1-0

[Event "EU-ch rapid"]
[Site "Tallinn"]
[Date "2016.12.15"]
[Round "6"]
[White "Ahvenjarvi, Jani"]
[Black "Tregubov, Pavel V"]
[Result "1/2-1/2"]
[WhiteElo "2317"]
[BlackElo "2585"]
[PlyCount "67"]
[EventDate "2016.12.15"]
[EventType "swiss (rapid)"]
[EventRounds "11"]
[EventCountry "EST"]
[SourceTitle "CBM 176 Extra"]
[Source "ChessBase"]
[SourceDate "2017.03.02"]
[SourceVersion "1"]
[SourceVersionDate "2017.03.02"]
[SourceQuality "1"]

1. e4 c5 2. Nf3 e6 3. Nc3 Nc6 4. d4 cxd4 5. Nxd4 Nf6 6. Ndb5 Bb4 7. a3 Bxc3+ 8. Nxc3 d5 9. Bd3 0-0 10. 0-0 d4 11. Ne2 e5 12. Ng3 Be6 13. h3 Nd7 14. f4 exf4 15. Bxf4 Nde5 16. Qh5 f6 17. Nf5 Bxf5 18. Qxf5 Qb6 19. b4 Rae8 20. Bg3 Nxd3 21. Qd5+ Kh8 22. cxd3 Rd8 23. Qc4 Ne5 24. Bxe5 fxe5 25. Rac1 h6 26. Rf7 Qg6 27. Rcf1 Rxf7 28. Rxf7 Qg3 29. Qc7 Rg8 30. Rf3 Qg5 31. Qxb7 Qc1+ 32. Kh2 Qxa3 33. Qb5 a6 34. Qc4 1/2-1/2

[Event "EU-Cup 32nd"]
[Site "Novi Sad"]
[Date "2016.11.06"]
[Round "1.3"]
[White "Predke, Alexandr"]
[Black "Ahvenjarvi, Jani"]
[Result "1-0"]
[WhiteElo "2579"]
[BlackElo "2333"]
[PlyCount "65"]
[EventDate "2016.11.06"]
[EventType "team-swiss"]
[EventRounds "7"]
[EventCountry "SRB"]
[SourceTitle "CBM 176"]
[Source "ChessBase"]
[SourceDate "2017.01.17"]
[SourceVersion "1"]
[SourceVersionDate "2017.01.17"]
[SourceQuality "1"]
[WhiteTeam "Zhiguli"]
[BlackTeam "Tammer Shakki"]
[WhiteTeamCountry "RUS"]
[BlackTeamCountry "FIN"]

1. e4 e5 2. Nf3 Nc6 3. Bb5 a6 4. Ba4 Nf6 5. 0-0 Be7 6. Re1 b5 7. Bb3 d6 8. c3 0-0 9. a4 Bg4 10. h3 Bxf3 11. Qxf3 Na5 12. Bc2 c5 13. d3 Re8 14. Nd2 Nd7 15. axb5 axb5 16. Nf1 Bg5 17. Bxg5 Qxg5 18. Ra2 Nb6 19. Rea1 Nc6 20. Bb3 Qe7 21. Ne3 Rxa2 22. Rxa2 Qd7 23. Ra6 Rb8 24. Nf5 Nd8 25. Qg4 Ne6 26. Nxg7 Nxg7 27. Rxb6 Qc7 28. Rxb8+ Qxb8 29. Qd7 Ne6 30. Bxe6 fxe6 31. h4 b4 32. h5 bxc3 33. Qxe6+ 1-0

[Event "FIN-chT 1617"]
[Site "Finland"]
[Date "2016.10.09"]
[Round "4.3"]
[White "Ahvenjarvi, Jani"]
[Black "Luukkonen, Tommi"]
[Result "0-1"]
[WhiteElo "2342"]
[BlackElo "2354"]
[PlyCount "70"]
[EventDate "2016.09.17"]
[EventType "team-tourn"]
[EventRounds "11"]
[EventCountry "FIN"]
[SourceTitle "EXT 2017"]
[Source "ChessBase"]
[SourceDate "2016.10.25"]
[SourceVersion "1"]
[SourceVersionDate "2016.10.25"]
[SourceQuality "1"]
[WhiteTeam "Tampere Tammer"]
[BlackTeam "Jyvaskyla JyS"]
[WhiteTeamCountry "FIN"]
[BlackTeamCountry "FIN"]

1. e4 e5 2. Nf3 Nc6 3. Bb5 a6 4. Ba4 Nf6 5. 0-0 Be7 6. d3 d6 7. c4 0-0 8. h3 Nd7 9. Bxc6 bxc6 10. d4 exd4 11. Nxd4 Ne5 12. Bf4 Qe8 13. b3 Ng6 14. Bg3 c5 15. Ne2 Bb7 16. Nbc3 f5 17. Nd5 Bd8 18. exf5 Rxf5 19. Qd3 Qf7 20. Rad1 Bh4 21. Nxc7 Rf8 22. Qxd6 Bxg3 23. Nxg3 Rxf2 24. Nd5 Bxd5 25. cxd5 Rxf1+ 26. Rxf1 Nf4 27. Qxc5 h5 28. Kh2 Qg6 29. Qc6 Rf6 30. Qa8+ Kh7 31. d6 h4 32. Nh1 Qf5 33. Re1 Rg6 34. g4 hxg3+ 35. Kg1 Qc5+ 0-1